000 00585nam a2200205Ii 4500
001 7322
003 CO-ViMGA
008 241108s9999||||xx |||||||||||||| ||und||
040 _aCO-ViMGA
_bspa
_erda
_cCO-ViMGA
041 0 _aunk
082 0 4 _a925.7-T264c
100 1 _aClaude Cuenot
_953990
245 1 0 _aTeilhard de Chardin
264 1 _a[Lugar de publicación no identificado] : Labor, 1969
300 _avolumen
336 _atext
_btxt
_2rdacontent
337 _aunmediated
_bn
_2rdamedia
338 _avolume
_bnc
_2rdacarrier
940 _aidficha_siabuc: 7151. -- ficha_no_siabuc:7322
999 _c50823
_d50823